Modeling and simulation for material selection and mechanical design / (Record no. 48104)

000 -LEADER
fixed length control field 02075cam a2200337 a 4500
001 - CONTROL NUMBER
control field 13613333
003 - CONTROL NUMBER IDENTIFIER
control field Nust
005 - DATE AND TIME OF LATEST TRANSACTION
control field 20170109101951.0
008 - FIXED-LENGTH DATA ELEMENTS--GENERAL INFORMATION
fixed length control field 040603s2004 nyua b 001 0 eng d
010 ## - LIBRARY OF CONGRESS CONTROL NUMBER
LC control number 2004300403
020 ## - INTERNATIONAL STANDARD BOOK NUMBER
International Standard Book Number 0824747461
035 ## - SYSTEM CONTROL NUMBER
System control number (OCoLC)ocm53959305
040 ## - CATALOGING SOURCE
Original cataloging agency ISH
Transcribing agency ISH
Modifying agency UOH
-- WPG
-- DLC
042 ## - AUTHENTICATION CODE
Authentication code lccopycat
050 00 - LIBRARY OF CONGRESS CALL NUMBER
Classification number TN698
Item number .M64 2004
082 00 - DEWEY DECIMAL CLASSIFICATION NUMBER
Classification number 669/.95
Edition number 22
245 00 - TITLE STATEMENT
Title Modeling and simulation for material selection and mechanical design /
Statement of responsibility, etc. edited by George E. Totten, Lin Xie, Kiyoshi Funatani.
246 3# - VARYING FORM OF TITLE
Title proper/short title Modeling & simulation for material selection and mechanical design
260 ## - PUBLICATION, DISTRIBUTION, ETC.
Place of publication, distribution, etc. New York ;
-- Basel :
Name of publisher, distributor, etc. Marcel Dekker,
Date of publication, distribution, etc. c2004.
300 ## - PHYSICAL DESCRIPTION
Extent xi, 509 p. :
Other physical details ill. ;
Dimensions 24 cm.
490 1# - SERIES STATEMENT
Series statement Mechanical engineering ;
Volume/sequential designation 166
504 ## - BIBLIOGRAPHY, ETC. NOTE
Bibliography, etc. note Includes bibliographical references and index.
505 0# - FORMATTED CONTENTS NOTE
Formatted contents note A mathematical model for predicting microstructural evolution and mechanical properties of hot-rolled steels / Masayoshi Suehiro -- Design simulation of kinetics of multicomponent grain boundary segregations in the engineering steels under quenching and tempering / Anatoli Kovalev and Dmitry L. Wainstein -- Designing for control of residual stress and distortion / Dong-Ying Ju -- Modeling and simulation of mechanical behavior / Essam El-Magd -- Tribology and the design of surface-engineered materials for cutting tool applications / German Fox-Rabinovich, George C. Weatherly, and Anatoli Kovalev -- Designing fastening systems / Christoph Friedrich.
650 #0 - SUBJECT ADDED ENTRY--TOPICAL TERM
Topical term or geographic name entry element Mechanical alloying.
700 1# - ADDED ENTRY--PERSONAL NAME
Personal name Totten, George E.
700 1# - ADDED ENTRY--PERSONAL NAME
Personal name Xie, Lin,
Dates associated with a name 1963-
700 1# - ADDED ENTRY--PERSONAL NAME
Personal name Funatani, Kiyoshi.
830 #0 - SERIES ADDED ENTRY--UNIFORM TITLE
Uniform title Mechanical engineering (Marcel Dekker, Inc.) ;
Volume/sequential designation 166.
856 42 - ELECTRONIC LOCATION AND ACCESS
Materials specified Publisher description
Uniform Resource Identifier <a href="http://www.loc.gov/catdir/enhancements/fy0647/2004300403-d.html">http://www.loc.gov/catdir/enhancements/fy0647/2004300403-d.html</a>
906 ## - LOCAL DATA ELEMENT F, LDF (RLIN)
a 7
b cbc
c copycat
d 2
e ncip
f 20
g y-gencatlg
942 ## - ADDED ENTRY ELEMENTS (KOHA)
Source of classification or shelving scheme
Koha item type Book
Holdings
Withdrawn status Lost status Source of classification or shelving scheme Damaged status Not for loan Permanent Location Current Location Date acquired Total Checkouts Full call number Barcode Date last seen Date last checked out Price effective from Koha item type
          Central Library (CL) Central Library (CL) 01/09/2017 1 669.95 SMME-216 09/11/2021 02/19/2021 01/09/2017 Book
© 2023 Central Library, National University of Sciences and Technology. All Rights Reserved.